Statistics for Stevie Nicks Bella Donna

Click here to take the quiz!

General Stats

  • This quiz has been taken 13 times
    (11 since last reset)
  • The average score is 9 of 10

Answer Stats

Bella Donna (1981)% Correct
After The Glitter Fades
100%
Edge Of Seventeen
100%
Leather And Lace
100%
Stop Draggin' My Heart Around
100%
Outside The Rain
88%
Think About It
88%
Bella Donna
75%
Kind Of Woman
75%
The Highwayman
75%
How Still My Love
63%

Score Distribution

Percentile by Number Answered

Percent of People with Each Score

Your Score History

You have not taken this quiz since the last reset